000 00863nam a2200241Ia 4500
003 OSt
005 20220923224854.0
006 a|||||r|||| 00| 0
007 ta
008 Pun
024 _a252,770
037 _cTextual
040 _aARTS
_cARTS
_bPun
041 _2Pun
_aPun
082 _aO153,1xN5, 152K8
100 _aअमृता प्रीतम, संपा.
245 0 _aपंजाबी कवितावली
_b चुनी हुई पंजाबी कविताएॅं
246 _aPanjābī kavitāvalī: chunī huī panjābī kavitāeॅan
260 _aनई दिल्ली
_b साहित्य अकादेमी
_c1968
650 _aपंजाबी निबंध
942 _hO153,1xN5, 152K8
_cTEXL
_2CC
999 _c374293
_d374293